| 000 | 01107cam a22001814a 4500 | ||
|---|---|---|---|
| 005 | 20250605164121.0 | ||
| 008 | 250528s ||||||||||||||||||||||||d | ||
| 035 | _a18286 | ||
| 040 |
_aGR-AtMCL _bgre _dGR-AtMCL _eAACR2 |
||
| 245 | 1 | _aΓνωστική Ψυχολογία / Η Διαδικασία της Μάθησης (Επεξεργασία Πληροφοριών, Αντίληψη, Μνήμη, Αναπαράσταση της Γνώσης) | |
| 260 | _c1996 | ||
| 300 | _a272 | ||
| 520 | _aΠρόλογος, Εισαγωγή, Η Ανάπτυξη της Γνωστικής Ψυχολογίας ως Θεωρίας για τη Μελέτη της Μάθησης, Η Γνωστική Επεξεργασία των Πληροφοριών, Η Αντίληψη των Πληροφοριών, Η Συγκράτηση των Πληροφοριών στη Μνήμη, Η Αναπαράσταση των Πληροφοριών στη Μνήμη, Επίλογος, Βιβλιογραφία. | ||
| 700 | 1 |
_aΠορπόδας Κωνσταντίνου Δ _94560 |
|
| 942 | _cBK | ||
| 999 |
_c3652 _d3652 |
||